000 00775cam a2200181 4500
001 ABS66811
008 030701n2003 000 0 eng u
035 _a(Sirsi) u122837
100 _aBooty, F.
245 4 _aThe facilities manager as the intelligent client
260 _c2003
490 _aRICS Facilities Management Faculty Feature
_v30 June 2003(3)
520 _aDescribes how the role of the facilities manager continues to change as the profession develops and outsourcing becomes more prevalent. Argues that facilities managers need to become more professional and business orientated, developing a performance that reflects organisational needs.
590 _aABS
650 _aFACILITIES MANAGERS
690 _aMANAGEMENT-FACILITIES MANAGEMENT
942 _n0
999 _c72964
_d72964